Nociones de Historia de España.
Gespeichert in:
| 1. Verfasser: | |
|---|---|
| Weitere Verfasser: | |
| Format: | keine Angabe |
| Sprache: | Spanisch |
| Erschienen: |
Valencia
Lib. Villalba
188...
|
| Ausgabe: | 5ª |
| Katalog: | MANES: Suchergebnis im Bibliothekskatalog |
| Schulbuchspezifische Eigenschaften: |
|
| Tags: |
Tag hinzufügen
Keine Tags, Fügen Sie den ersten Tag hinzu!
|
| Hinzugefügt zu: | 26.04.2016 |
MARC
| LEADER | 000000000a22000000004500 | ||
|---|---|---|---|
| 001 | 09580 | ||
| 003 | OSt | ||
| 008 | 160427s sp ||||| |||| 00| 0 spa d | ||
| 040 | |c centro_manes | ||
| 041 | 1 | |a spa | |
| 691 | 0 | |a SE | |
| 100 | 1 | |a Fernández Guerra y Orbe, Aureliano. Autor, Real Académico de la Lengua y la Historia |9 5402 | |
| 690 | 0 | |a HI | |
| 700 | 1 | |a Orbera y Carrión, María. Autora, Regente de Escuela Normal de Maestras |9 5403 | |
| 245 | 0 | 0 | |a Nociones de Historia de España. |
| 250 | |a 5ª | ||
| 260 | 3 | |a Valencia |b Lib. Villalba |c 188... | |
| 300 | |a 127 p. |c 15,5 x 10,5 cm | ||
| 500 | |a Encuadernado en Rústica. Declarado de texto por R.O. de 7 de Enero de 1880. |a nivel: Libro para formación de maestras. | ||
| 942 | |2 ddc |c BK | ||
| 546 | |a España | ||
| 999 | |c 15554 |d 15554 | ||
| 999 | |c manes:15554 |d 15554 | ||